| 000 -ლიდერი |
| ფიქსირებული სიგრძის საკონტროლო ველი |
01377nam a22002057a 4500 |
| 003 - საკონტროლო ნომრის იდენტიფიკატორი |
| საკონტროლო ველი |
Ge_BSU |
| 005 - ბოლო ოპერაციის თარიღი და დრო |
| საკონტროლო ველი |
20251205151133.0 |
| 008 - ფიქსირებული სიგრძის მონაცემთა ელემენტები - ზოგადი ინფორმაცია |
| ფიქსირებული სიგრძის საკონტროლო ველი |
251205s2008 ge ||||| |||| 00| 0 geo d |
| 041 ## - ენის კოდი |
| Language code of text/sound track or separate title |
geo |
| 080 ## - უნივერსალური ათობითი კლასიფიკაციის ინდექსი |
| Universal Decimal Classification number |
34(038) ბ-50 |
| 100 ## - მთავარი ჩანაწერი - პიროვნების სახელი |
| Personal name |
ბეჟაშვილი, ლევან |
| 9 (RLIN) |
9309 |
| 245 ## - ცნობა სათაურის შესახებ |
| Title |
საქართველოს საკანონმდებლო ტერმინთა ლექსიკონი : |
| Remainder of title |
(2007 წლის 1 სექტემბრის მდგომარეობით) / |
| Statement of responsibility, etc |
ლევან ბეჟაშვილი, თამარ ჩხაიძე, შოთა თარხნიშვილი; საქ. პარლამენტის იურიდ. საკითხთა კომ-ტი. |
| 264 ## - წარმოების, გამოცემის, დისტრიბუციის და სხვა ცნობები |
| გამოცემის, წარმოების, დისტრიბუციის... ადგილი |
თბილისი : |
| გამოცემის, წარმოების, დისტრიბუციის... სახელწოდება |
[სიესტა], |
| გამოცემის, წარმოების, დისტრიბუციის... თარიღი |
2008. |
| 300 ## - ფიზიკური აღწერა |
| Extent |
365 გვ. ; |
| Other physical details |
20 სმ. |
| 700 ## - ADDED ENTRY--PERSONAL NAME |
| Personal name |
ჩხაიძე, თამარ |
| Relator term |
ავტორი |
| 9 (RLIN) |
77 |
| 700 ## - ADDED ENTRY--PERSONAL NAME |
| Personal name |
თარხნიშვილი, შოთა |
| Relator term |
ავტორი |
| 9 (RLIN) |
10125 |
| 710 ## - ADDED ENTRY--CORPORATE NAME |
| Corporate name or jurisdiction name as entry element |
საქართველოს პარლამენტის იურიდიულ საკითხთა კომიტეტი |
| 9 (RLIN) |
26369 |
| 856 ## - ELECTRONIC LOCATION AND ACCESS |
| Uniform Resource Identifier |
https://dspace.nplg.gov.ge/bitstream/1234/4714/1/Saqartvelos_Sakanonmdeblo_Terminta_Leqsikoni.pdf |
| Link text |
ელ. ვერსია |
| 942 ## - ADDED ENTRY ELEMENTS (KOHA) |
| Source of classification or shelving scheme |
|
| Koha item type |
წიგნი |